Synchronizácia textu a jeho zvukovej podoby

Enregistré dans:
Détails bibliographiques
Auteur principal: Šuba, Michal, 1985- (Auteur)
Autres auteurs: Marko, Peter, 1986- (Directeur de thèse)
Format: Manuscrit Livre
Langue:slovaque
Publié: Bratislava : STU v Bratislave FIIT, 2013
Sujets:
Accès en ligne:VAIS
Tags: Ajouter un tag
Pas de tags, Soyez le premier à ajouter un tag!

MARC

LEADER 00000ntm a22000003a 4500
001 stu275796
005 20150617230235.0
008 131005s2013----xo------------------slo-d
040 |a STU  |b slo 
041 0 |a slo 
044 |a xo 
100 1 |a Šuba, Michal,  |d 1985-  |4 aut  |u I  |T FIIT Fakulta informatiky a informačných technológií  |X 20960  |U I  |Y 70  |7 A000020960 
242 0 0 |a Synchronization of text and its audio form  |y eng 
245 1 |a Synchronizácia textu a jeho zvukovej podoby 
260 |a Bratislava :  |b STU v Bratislave FIIT,  |c 2013 
300 |a 33 s  |c príl. 
650 7 |a informatika  |2 stusub 
650 7 |a Informatics  |2 estusub 
650 7 |a text  |2 stusub 
650 7 |a synchronizácia  |2 stusub 
700 1 |a Marko, Peter,  |d 1986-  |4 ths  |u I100  |U FIIT Fakulta informatiky a informačných technológií  |T FIIT Ústav počítačových systémov a sietí  |X 17086  |U I100  |Y 178  |7 A000017086 
856 4 |a info a plný text  |u http://is.stuba.sk/zp/portal_zp.pl?podrobnosti=78476  |3 VAIS 
996 |b IBAP71/13  |c I*BAP71/13  |l II680  |s A  |a 24  |w stu275796_0001